| 000 | 00000nas 2200000za 4500 |
| 001 | 9.842313 |
| 003 | CaOODSP |
| 005 | 20231115154942 |
| 007 | cr ||||||||||| |
| 008 | 170823c20179999oncar p o f0 b0fre| |
| 022 | |a2561-1658 |
| 040 | |aCaOODSP|bfre |
| 043 | |an-cn--- |
| 086 | 1 |aIu1-23F-PDF |
| 110 | 1 |aCanada. |bInnovation, sciences et développement économique Canada. |
| 222 | 0|aRapport sur les résultats ministériels |b(Canada. Innovation, Sciences et Développement économique Canada) |
| 245 | 10|aRapport sur les résultats ministériels |h[ressource électronique] / |cInnovation, Sciences et Développement économique Canada. |
| 260 | |a[Ottawa] : |bInnovation, Sciences et Développement économique Canada, |c[2017]- |
| 310 | |aAnnuel |
| 362 | 1 |aParaît depuis: 2016/2017. |
| 500 | |aPublié également en français sous le titre: Departmental results report. |
| 692 | 07|2gccst|aÉvaluation du rendement |
| 692 | 07|2gccst|aDéveloppement économique |
| 692 | 07|2gccst|aPolitique scientifique |
| 692 | 07|2gccst|aInnovation |
| 775 | 08|tDepartmental results report |w(CaOODSP)9.842312 |
| 780 | 00|tRapport ministériel sur le rendement |w(CaOODSP)9.817320 |